Trains go / (Record no. 194928)
[ view plain ]
| 000 -LEADER | |
|---|---|
| fixed length control field | 01078cam a2200313 a 4500 |
| 001 - CONTROL NUMBER | |
| control field | BK0010106364 |
| 003 - CONTROL NUMBER IDENTIFIER | |
| control field | DLC |
| 005 - DATE AND TIME OF LATEST TRANSACTION | |
| control field | 20241220162242.0 |
| 008 - FIXED-LENGTH DATA ELEMENTS--GENERAL INFORMATION | |
| fixed length control field | 110228s2012 caua a 000 1 eng c |
| 010 ## - LIBRARY OF CONGRESS CONTROL NUMBER | |
| LC control number | 2011008004 |
| 020 ## - INTERNATIONAL STANDARD BOOK NUMBER | |
| International Standard Book Number | 9780811879422 : HRD |
| Terms of availability | $9.99 |
| 020 ## - INTERNATIONAL STANDARD BOOK NUMBER | |
| International Standard Book Number | 0811879429 : HRD |
| Terms of availability | $9.99 |
| 037 ## - SOURCE OF ACQUISITION | |
| Source of stock number/acquisition | Chronicle Books Llc, C/O Hachette Book Group USA 3 Center Plaza, Boston, MA, USA, 02108 |
| Note | SAN 200-2205 |
| 040 ## - CATALOGING SOURCE | |
| Original cataloging agency | NJQ/DLC |
| Transcribing agency | DLC |
| Modifying agency | DLC |
| 050 00 - LIBRARY OF CONGRESS CALL NUMBER | |
| Classification number | PZ7.L6256 |
| Item number | Tq 2012 |
| 082 00 - DEWEY DECIMAL CLASSIFICATION NUMBER | |
| Classification number | [E] |
| Edition number | 22 |
| 092 ## - LOCALLY ASSIGNED DEWEY CALL NUMBER (OCLC) | |
| Classification number | E |
| 100 1# - MAIN ENTRY--PERSONAL NAME | |
| Personal name | Light, Steve. |
| 9 (RLIN) | 5908260 |
| 245 10 - TITLE STATEMENT | |
| Title | Trains go / |
| Statement of responsibility, etc | Steve Light. |
| 260 ## - PUBLICATION, DISTRIBUTION, ETC. (IMPRINT) | |
| Place of publication, distribution, etc | San Francisco, CA : |
| Name of publisher, distributor, etc | Chronicle Books, |
| Date of publication, distribution, etc | c2012. |
| 300 ## - PHYSICAL DESCRIPTION | |
| Extent | 16 p. ; |
| Other physical details | col. ill. ; |
| Dimensions | 16 x 31 cm. |
| 500 ## - GENERAL NOTE | |
| General note | Cover title. |
| 500 ## - GENERAL NOTE | |
| General note | Trains grumble, roar, and squeak their way through this board book. |
| 520 ## - SUMMARY, ETC. | |
| Summary, etc | Trains grumble, roar, and squeak their way through this board book. |
| 650 #0 - SUBJECT ADDED ENTRY--TOPICAL TERM | |
| Topical term or geographic name as entry element | Railroad trains |
| Form subdivision | Juvenile fiction. |
| 9 (RLIN) | 5687474 |
| 650 #0 - SUBJECT ADDED ENTRY--TOPICAL TERM | |
| Topical term or geographic name as entry element | Board books. |
| 650 #1 - SUBJECT ADDED ENTRY--TOPICAL TERM | |
| Topical term or geographic name as entry element | Railroad trains |
| Form subdivision | Fiction. |
| 9 (RLIN) | 5689437 |
| 650 #1 - SUBJECT ADDED ENTRY--TOPICAL TERM | |
| Topical term or geographic name as entry element | Board books. |
| Withdrawn status | Lost status | Source of classification or shelving scheme | Damaged status | Not for loan | Collection code | Home library | Current library | Shelving location | Date acquired | Source of acquisition | Total Checkouts | Full call number | Barcode | Date last seen | Cost, replacement price | Price effective from | Koha item type |
|---|---|---|---|---|---|---|---|---|---|---|---|---|---|---|---|---|---|
| Dewey Decimal Classification | Not For Loan | Children Reference Professional Use | Wasatch County Library | Wasatch County Library | Work Area | 01/27/2021 | Baker & Taylor | BB Light | 34301001709536 | 11/19/2025 | 9.99 | 01/27/2021 | Reference book |
